moderne - contemporaine #1 - Statistiques

Statistiques générales
  • Ce quiz a été pris 7 fois
  • Le résultat moyen est 4 sur 18
Statistiques - réponses
Hint Réponse % Correct
explorateur portugais qui sillonna essentiellement les côtes africaines vasco de gama
86%
abdication de Charles Quint 1555
43%
traité de Westpahlie 1648
43%
population de l'Europe à l'aube du XVIème siècle (en millions d'habitants) 80
43%
traité de Madrid 1526
29%
auteur de L'institution du prince chrétien erasme
29%
A quel territoire Francois 1er renonce avec ce traité ? italie / bourgogne
29%
mort de maximilien d'autriche 1519
14%
ordonnance de Villers-Coterets 1539
14%
mort de Francois Ier 1547
14%
paix de Cateau-Cambresis 1559
14%
dates des crises de tanger et Agadir 1905 1911
14%
suffrage universel masculin en italie ? 1913
14%
nombre de coloniaux employés sur le sol français entre 1914et 1918 225 000
14%
président assassiné par un anarchiste italien en 1894 sadi carnot
14%
nom de la loi autorisant les syndicats en France Waldeck-Rousseau
14%
année de démission de Jules Grévy 1879
0%
date complète de l'amendement Vallon 30 janvier 1875
0%
Aucun quiz correspondant
Distribution des résultats
% des personnes avec chaque résultat
Percentile par nombre de réponses
Votre historique - résultats
Vous n’avez pas pris ce quiz